|
|
|
|
| LEADER |
00000cam a22000004a 4500 |
| 001 |
musev2_76646 |
| 003 |
MdBmJHUP |
| 005 |
20230905051921.0 |
| 006 |
m o d |
| 007 |
cr||||||||nn|n |
| 008 |
200715s2020 utu o 00 0 eng d |
| 020 |
|
|
|a 9781607817697
|
| 020 |
|
|
|z 9781607817680
|
| 035 |
|
|
|a (OCoLC)1175273609
|
| 040 |
|
|
|a MdBmJHUP
|c MdBmJHUP
|
| 050 |
|
4 |
|a PS3601.S547
|b G663 2020
|
| 100 |
1 |
|
|a Asher, Zachary,
|e author.
|
| 245 |
1 |
0 |
|a gone bird in the glass hours :
|b a poem play /
|c Zachary Asher ; foreword by Alberto Ríos.
|
| 264 |
|
1 |
|a Baltimore, Maryland :
|b Project Muse,
|c 2020
|
| 264 |
|
3 |
|a Baltimore, Md. :
|b Project MUSE,
|c 2020
|
| 264 |
|
4 |
|c ©2020
|
| 300 |
|
|
|a 1 online resource (80 pages).
|
| 336 |
|
|
|a text
|b txt
|2 rdacontent
|
| 337 |
|
|
|a computer
|b c
|2 rdamedia
|
| 338 |
|
|
|a online resource
|b cr
|2 rdacarrier
|
| 490 |
0 |
|
|a Agha Shahid Ali prize in poetry
|
| 500 |
|
|
|a Issued as part of book collections on Project MUSE.
|
| 504 |
|
|
|a Includes bibliographical references (pages) and index.
|
| 506 |
|
|
|a Access restricted to authorized users and institutions.
|
| 588 |
|
|
|a Description based on print version record.
|
| 650 |
|
0 |
|a American poetry
|y 21st century.
|
| 655 |
|
7 |
|a Poetry.
|2 lcgft
|
| 655 |
|
7 |
|a Electronic books.
|2 local
|
| 710 |
2 |
|
|a Project Muse,
|e distributor.
|
| 776 |
1 |
8 |
|i Print version:
|z 9781607817680
|z 1607817683
|
| 710 |
2 |
|
|a Project Muse.
|e distributor
|
| 830 |
|
0 |
|a Agha Shahid Ali prize in poetry.
|
| 830 |
|
0 |
|a Book collections on Project MUSE.
|
| 856 |
4 |
0 |
|z Texto completo
|u https://projectmuse.uam.elogim.com/book/76646/
|
| 945 |
|
|
|a Project MUSE - Custom Collection
|
| 945 |
|
|
|a Project MUSE - 2020 Complete
|
| 945 |
|
|
|a Project MUSE - 2020 Poetry, Fiction and Creative Non-Fiction
|